000 00965nam a2200229Ia 4500
999 _c40261
_d40261
001 6869
003 GE_BSU
005 20200129162808.0
008 181216s1964||||g |||||||||||||| ||geo||
040 _cGE_BSU
041 _ageo
080 _a821.353.1-31 გ-66
100 _aგომიაშვილი, ალექსანდრე.
_96494
245 _aძვლები და კლდეები :
_bლექსები და ბალადები /
_cალექსანდრე გომიაშვილი ; რედ. მ. ქოიავა.
264 _aთბილისი :
_bლიტერატურა და ხელოვნება,
_c1964.
300 _a170 გვ. ;
_c18 სმ.
653 _aლექსები
653 _aბალადები
653 _aძვლები და კლდეები
700 _aქოიავა, მ.
_eრედაქტორი
_94864
942 _cBK
_2udc